000 00846cam a2200133 4500500
005 20251214001352.0
041 _afre
042 _adc
100 1 0 _aLebel, Christine
_eauthor
245 0 0 _aDroit des affaires : Cours et exercices corrigés
260 _bArmand Colin,
_c2012.
520 _aLe droit des affaires est une matière technique, souvent déroutante pour les étudiants et de plus en plus enseignée dès L2-L3. Conforme à l'esprit des Cursus-Droit, cet ouvrage offre un cours synthétique et de nombreux exercices corrigés. Un plus pour réussir ses examens. Christine Lebel est maître de conférences HDR en droit privé à la Faculté de droit de Nancy (Institut François Geny — Université de Lorraine).
856 4 1 _uhttps://droit.cairn.info/droit-des-affaires--9782200274382?lang=fr&redirect-ssocas=7080
999 _c1566117
_d1566117